000
00298nam a22001337a 4500
008
170131b xxu||||| |||| 00| 0 eng d
020
_a
9781455744893
041
_a
eng
080
_a
61
100
_a
3
101
_a
SHMI
245
_a
2013 STEP-BY-STEP MEDICAL CODING
_c
BUCK, C.J
942
_2
udc
_c
BK
999
_c
4095
_d
4095